Analýza migrácie pracovných síl - ekonometrický prístup diplomová práca

Salvato in:
Dettagli Bibliografici
Autore principale: Olšová, Soňa
Ente Autore: Fakulta hospodárskej informatiky EU. Katedra operačného výskumu a ekonometrie
Altri autori: Ivaničová, Zlatica
Natura: Libro
Lingua:slovacco
Pubblicazione: Bratislava 2014
Tags: Aggiungi Tag
Nessun Tag, puoi essere il primo ad aggiungerne!!

MARC

LEADER 00000nbm a2200000 4500
001 0188500
005 20170201103431.2
041 0 |a slo 
044 |a SK 
245 1 0 |a Analýza migrácie pracovných síl - ekonometrický prístup  |b diplomová práca  |c Soňa Olšová ; školiteľ: Zlatica Ivaničová 
264 1 |a Bratislava  |c 2014 
300 |a 62 s. 
100 1 |a Olšová, Soňa 
700 1 |a Ivaničová, Zlatica 
710 2 |a Fakulta hospodárskej informatiky EU. Katedra operačného výskumu a ekonometrie